000 01160nam a2200241Ia 4500
999 _c39586
_d39586
001 6186
003 GE_BSU
005 20200204154803.0
008 181216s2 ||||ge |||||||||||||| ||geo||
020 _a97899414126
040 _cGE_BSU
041 _ageo
080 _a531.2(075.4) ფ-98
100 _aფუტკარაძე, გ.
_92474
245 _aთეორიული მექანიკა (კინემატიკა) :
_bინდივიდუალური კრებული /
_cგ. ფუტკარაძე, თ. თურმანიძე ; რედ. მიხეილ დონაძე.
264 _aბათუმი :
_bშოთა რუსთაველის სახელმწიფო უნ-ტი.
_c2012.
300 _a77 გვ. :
_bბიბლიოგ. გვ.76, ნახაზ. ;
_c20 სმ.
653 _aთეორიული მექანიკა
653 _aკინემატიკა
700 _aთურმანიძე, თ.
_eავტორი
_96798
700 _a დონაძე, მიხეილ
_eრედაქტორი
_96799
942 _cBK
_2udc